| 000 | 02381cam a2200325 a 4500 | ||
|---|---|---|---|
| 999 |
_c330311 _d330311 |
||
| 001 | 12961496 | ||
| 003 | NUST | ||
| 005 | 20170620121312.0 | ||
| 008 | 021007s2003 flua b 001 0 eng | ||
| 010 | _a 2002151530 | ||
| 020 | _a1574911414 (alk. paper) | ||
| 035 | _a(DNLM)101156423 | ||
| 040 |
_aDNLM/DLC _cDLC _dDLC |
||
| 042 | _apcc | ||
| 050 | 0 | 0 |
_aQR46.5 _b.R365 2003 |
| 060 | 1 | 0 |
_aQV 778 _bR218 2003 |
| 082 | 0 | 0 |
_a615.19 MAR _221 |
| 245 | 0 | 0 |
_aRapid microbiological methods in the pharmaceutical industry / _cedited by Martin C. Easter. |
| 260 |
_aBoca Raton, Fla. : _bInterpharm/CRC, _cc2003. |
||
| 300 |
_aix, 277 p. : _bill. ; _c27 cm. |
||
| 500 | _aH.B | ||
| 504 | _aIncludes bibliographical references and index. | ||
| 505 | 0 | _aHistorical perspective on methods development / Anthony M. Cundell -- Microbiological methods of the pharmacopoeia : growth and recovery of microorganisms from pharmaceutical manufacturing environments / Klaus Haberer and Marc W. Mittelmann -- Overview of alternative rapid microbiological technologies / Paul J. Newby and Bob Johnson -- Labor-saving devices and automation of traditional methods / Peter Silley and A.N. Sharpe -- ATP bioluminescence and its use in pharmaceutical microbiology / Kirsty Wills -- Impedance / Peter Silley and Fiona Mortimer -- Traditional and automated rapid methods for species identification and typing / Kevin Tyler and Jeffrey M. Farber -- Techniques for detection of specific organisms and potential for DNA-based technologies / Richard Owen -- Alternative technologies and sterility testing / Amy Meszaros -- Limulus endotoxin test / Thomas J. Novitsky and H. Donald Hochstein -- A practical guide to validation / Kirsty Wills -- Regulatory recognition and acceptance / Edward A. Fitzgerald -- New technologies for microbiological assays / Larry J. Kricka. | |
| 650 | 0 |
_aPharmaceutical microbiology _xMethodology. _92895 |
|
| 650 | 1 | 2 |
_aMicrobiological Techniques. _92721 |
| 650 | 1 | 2 |
_aTechnology, Pharmaceutical. _92896 |
| 700 | 1 |
_aEaster, Martin C. _92897 |
|
| 856 | 4 | 2 |
_3Publisher description _uhttp://www.loc.gov/catdir/enhancements/fy0646/2002151530-d.html |
| 906 |
_a7 _bcbc _corignew _d1 _eecip _f20 _gy-gencatlg |
||
| 942 |
_2ddc _cBK _kIESE |
||